trouver les films de david Lynch - Statistiques

Statistiques générales
  • Ce quiz a été pris 72 fois
  • Le résultat moyen est 7 sur 15
Statistiques - réponses
trouve les films de lynch grace aux indications (court métrage inclus) réponse % Correct
soit disant la meilleure série au monde twin peaks
83%
le chanteur sting est méchant dune
72%
c'est le titre d'une chanson blue velvet
71%
premier long métrage eraserhead
69%
c'est l'histoire de Josehp Merrick elephant man
67%
c'est une histoire vraie une histoire vraie
62%
dernière collaboration (à ce jour) avec Laura Dern inland empire
60%
"Dick laurent is dead" lost highway
59%
il y a le père de Miley Cyrus mulholland drive
50%
adaptation d'un livre de Barry Gifford sailor et lula
48%
c'est un sitcom animalier rabbits
28%
ce court métrage est sur Netflix qu'a fait jack
26%
les cris présent sont ceux de la fille de David the alphabet
7%
réalisé dans le cadre "les français vu par" the cowboy and the frenchman
5%
c'est une experience aquatique boat
3%
Aucun quiz correspondant
Distribution des résultats
% des personnes avec chaque résultat
Percentile par nombre de réponses
Votre historique - résultats
Vous n’avez pas pris ce quiz